00540nam a2200145 i 450000100060000000300090000600500170001500700030003200800410003511001010007624501170017726000480029430000280034285200240037046719ES-MaACL20230906161432.0t|030331s1908 sp ||||1| spa d2 aAsociación Española para el Progreso de las Ciencias. bCongreso (n1º. d1908. cZaragoza)10aAsociación Española para el Progreso de las Ciencias b: primer congreso celebrado en la ciudad de Zaragoza. aMadrid : b[s.n., c1931] (fEduardo Arias) a8 t. en 3 v. ; c24 cm. aES-MaACLjD-8678-50